000 00591nam a2200193Ia 4500
003 GCL
005 20240530104241.0
008 140319s9999 xx 000 0 ara d
040 _aGCL /
_cGCL
082 0 4 _221
_a355.00962
_bق/ع ج
100 1 _aعبدالرحمن زكى
245 1 0 _aتاريخ الجيش المصرى /
_cعبدالرحمن زكى
260 _aالقاهرة :
_bمطابع الاميرية ،
_c1939
300 _a16 ص ؛
_c20سم
650 0 4 _aمصر - تاريخ
650 0 4 _aمصر - الجيش
650 0 4 _aالحروب المصرية
942 _2ddc
_cBK
999 _c45859
_d45859